Statistiken für Grösste Supermarktketten der Welt

Klicken Sie hier um das Quiz zu spielen!

Allgemein

  • Dieses Quiz wurde 219 mal gespielt
  • Das Durchschnittsergebnis liegt bei 5 aus 12

Antwortstatistiken

Anz. StandorteHauptsitz inSupermarkt% Korrekt
5,241DeutschlandAldi Nord
95%
7,178DeutschlandAldi Süd
95%
11,014DeutschlandLidl
84%
11,496Vereinigte StaatenWalmart
77%
71,100Japan, Vereinigte Staaten7-Eleven
37%
6,966Vereinigtes KönigreichTesco
25%
13,112 NiederlandeSPAR
24%
12,225FrankreichCarrefour
19%
6,556NiederlandeAhold Delhaize
7%
8,255TürkeiBİM
2%
24,243JapanFamilyMart
1%
5,200UngarnCBA
0%

Verteilung der Resultate

Perzentil nach korrekt beantworteten Fragen

Anzahl Personen mit jedem Resultat

Ihre Resultats-Entwicklung

Sie haben dieses Quiz noch nicht gespielt